00473nam a2200133Ia 4500008004100000041000800041082001700049100001100066245006900077260003200146300001800178999001700196952012600213241028s9999 xx 000 0 und d aeng a358.4162 FAN aFan Di aManaging Globalized, Deglobalized And Reglobalized Supply Chains bSpringeraSwitzerlandc2023 a59;. p. 23 cm c42889d42889 00104070aIMTNbIMTNcRack 15-Ad2024-07-03g10427.00o358.4162 FANp33318r2024-10-28 00:00:00v109.99w2024-10-28yBK